[Event "Malgrat del Mar op"]
[Site "Malgrat del Mar"]
[Date "1997.05.10"]
[Round "8"]
[White "Coppulo Cerda, Angel"]
[Black "Barrera Negra, Luis"]
[Result "1-0"]
[WhiteElo "1895"]
[BlackElo "1925"]
[PlyCount "56"]
[EventDate "1997.??.??"]
[EventType "swiss"]
[EventRounds "9"]
[EventCountry "ESP"]
[SourceTitle "EXT 2003"]
[Source "ChessBase"]
[SourceDate "2002.11.25"]
[SourceVersion "1"]
[SourceVersionDate "2002.11.25"]
[SourceQuality "1"]

1. d4 d5 2. Nf3 Nf6 3. c4 Bg4 4. Ne5 Bf5 5. Nc3 e6 6. Qb3 b6 7. Qa4+ Nbd7 8. cxd5 exd5 9. Nc6 Qc8 10. e4 dxe4 11. Ba6 Nc5 12. dxc5 Qd7 13. Bb7 Rb8 14. Nxb8 Qxa4 15. Nxa4 bxc5 16. Be3 Bd6 17. Bc6+ Ke7 18. Na6 Bd7 19. Bxd7 Nxd7 20. Bxc5 Ne5 21. 0-0 Rc8 22. Rfe1 f5 23. Rad1 Ke6 24. f3 g5 25. fxe4 f4 26. h3 f3 27. Rf1 g4 28. hxg4 fxg2 1-0

[Event "Malgrat del Mar op"]
[Site "Malgrat del Mar"]
[Date "1997.04.12"]
[Round "4"]
[White "Coppulo Cerda, Angel"]
[Black "Sanchez Prado, Manuel"]
[Result "1/2-1/2"]
[WhiteElo "1895"]
[BlackElo "2085"]
[PlyCount "85"]
[EventDate "1997.??.??"]
[EventType "swiss"]
[EventRounds "9"]
[EventCountry "ESP"]
[SourceTitle "EXT 2003"]
[Source "ChessBase"]
[SourceDate "2002.11.25"]
[SourceVersion "1"]
[SourceVersionDate "2002.11.25"]
[SourceQuality "1"]

1. d4 Nf6 2. c4 g6 3. Nc3 d5 4. e3 Bg7 5. Nf3 0-0 6. b3 c6 7. Bb2 Bg4 8. Be2 Nbd7 9. cxd5 cxd5 10. 0-0 Rc8 11. Rc1 Qa5 12. h3 Bf5 13. Qd2 Rfd8 14. Na4 Qxd2 15. Nxd2 h5 16. f4 Ne4 17. Nxe4 Bxe4 18. Ba3 Bf8 19. g4 hxg4 20. hxg4 e6 21. Bxf8 Kxf8 22. Nc3 f5 23. g5 Ke7 24. Nxe4 dxe4 25. Kf2 Rh8 26. Kg2 Rxc1 27. Rxc1 Kd6 28. Bc4 Rh7 29. Rh1 Rxh1 30. Kxh1 Nb6 31. Kg2 Nd5 32. Bxd5 exd5 33. Kf2 Kc6 34. Ke2 Kb5 35. a3 a5 36. Kd2 a4 37. Kc3 axb3 38. Kxb3 b6 39. a4+ Ka5 40. Ka3 b5 41. axb5 Kxb5 42. Kb3 Ka5 43. Ka3 1/2-1/2

[Event "Malgrat del Mar op"]
[Site "Malgrat del Mar"]
[Date "1997.04.05"]
[Round "3"]
[White "Angelats Morato, Rafael"]
[Black "Coppulo Cerda, Angel"]
[Result "1/2-1/2"]
[WhiteElo "2105"]
[BlackElo "1895"]
[PlyCount "77"]
[EventDate "1997.??.??"]
[EventType "swiss"]
[EventRounds "9"]
[EventCountry "ESP"]
[SourceTitle "EXT 2003"]
[Source "ChessBase"]
[SourceDate "2002.11.25"]
[SourceVersion "1"]
[SourceVersionDate "2002.11.25"]
[SourceQuality "1"]

1. d4 Nf6 2. Bg5 e6 3. Nd2 d5 4. e3 c5 5. c3 Nc6 6. Ngf3 Be7 7. Bd3 Bd7 8. Qe2 Rc8 9. 0-0 cxd4 10. exd4 h6 11. Bh4 Nh5 12. Bxe7 Qxe7 13. g3 Nf6 14. Rae1 a6 15. Nh4 Kd8 16. Nb3 Qd6 17. Nc5 Rc7 18. b4 Na7 19. a4 Bc8 20. Qb2 Nd7 21. c4 b6 22. Nxd7 Qxd7 23. c5 b5 24. a5 Nc6 25. f4 g5 26. Ng2 f5 27. Bb1 Qg7 28. Rd1 Re7 29. Rfe1 Qf6 30. Qd2 Rg8 31. Ba2 Bb7 32. fxg5 hxg5 33. Ne3 Rd7 34. Rf1 Qg7 35. Bb1 Rf7 36. Ng2 Rh8 37. Qe3 Bc8 38. Ne1 Kc7 39. Qd2 1/2-1/2